000 00611nam a2200229 i 4500
001 C2-0098375
003 PPAK
005 20180727094452.0
008 970526s1982 my |||| ||||| | eng d
040 _aPPAK
_beng
_cPPAK
_erda
082 0 4 _a952
_223
090 0 0 _a952
_bSTO
_dG
100 1 _aStorry, Richard,
_eauthor
245 1 0 _aSejarah Jepun moden
264 1 _aKuala Lumpur :
_bDewan Bahasa dan Pustaka ,
_c1982
300 _axxi, 294 pages ;
_c21 cm
336 _2rdacontent
_atext
337 _2rdamedia
_aunmediated
338 _2rdacarrier
_avolume
650 1 0 _aJapan - History
942 _ddc
_cB
999 _c21843
_d21843